Catholic University of Zimbabwe Library
Online Public Access Catalogue
(OPAC)

New Materials (Record no. 27199)

MARC details
000 -LEADER
fixed length control field 03482cam a22004694a 4500
001 - CONTROL NUMBER
control field muse93084
003 - CONTROL NUMBER IDENTIFIER
control field MdBmJHUP
005 - DATE AND TIME OF LATEST TRANSACTION
control field 20210127151831.0
006 - FIXED-LENGTH DATA ELEMENTS--ADDITIONAL MATERIAL CHARACTERISTICS
fixed length control field m o d
007 - PHYSICAL DESCRIPTION FIXED FIELD--GENERAL INFORMATION
fixed length control field cr||||||||nn|n
008 - FIXED-LENGTH DATA ELEMENTS--GENERAL INFORMATION
fixed length control field 191118s2020 mau o 00 0 eng d
010 ## - LIBRARY OF CONGRESS CONTROL NUMBER
Canceled/invalid LC control number 2019954802
020 ## - INTERNATIONAL STANDARD BOOK NUMBER
International Standard Book Number 9781643150147
020 ## - INTERNATIONAL STANDARD BOOK NUMBER
Canceled/invalid ISBN 9781643150130
035 ## - SYSTEM CONTROL NUMBER
System control number (OCoLC)1154311138
040 ## - CATALOGING SOURCE
Original cataloging agency MdBmJHUP
Transcribing agency MdBmJHUP
100 1# - MAIN ENTRY--PERSONAL NAME
Personal name Hayton, Darin,
Relator term author.
245 10 - TITLE STATEMENT
Title New Materials
Remainder of title Towards a History of Consistency /
Statement of responsibility, etc. Amy E. Slaton, Darin Hayton, Scott Gabriel Knowles, Sharon Tsia-hsuan Ku, Projit Bihari Mukharji, Rafico Ruiz, Tiago Saraiva, Karen Senaga, Jose L. Torero, Patryk Wasiak.
264 #1 - PRODUCTION, PUBLICATION, DISTRIBUTION, MANUFACTURE, AND COPYRIGHT NOTICE
Name of producer, publisher, distributor, manufacturer Lever Press,
264 #3 - PRODUCTION, PUBLICATION, DISTRIBUTION, MANUFACTURE, AND COPYRIGHT NOTICE
Name of producer, publisher, distributor, manufacturer Project MUSE,
300 ## - PHYSICAL DESCRIPTION
Extent 1 online resource (pages cm)
506 0# - RESTRICTIONS ON ACCESS NOTE
Terms governing access Open Access
Standardized terminology for access restriction Unrestricted online access
Source of term star
520 ## - SUMMARY, ETC.
Summary, etc. "This edited volume gathers eight cases of industrial materials development, broadly conceived, from North America, Europe and Asia over the last 200 years. Whether given utility as building parts, fabrics, pharmaceuticals, or foodstuffs, whether seen by their proponents as human-made or "found in nature," materials result from the designation of some matter as both knowable and worth knowing about. In following these determinations we learn that the production of physical novelty under industrial, imperial and other cultural conditions has historically accomplished a huge range of social effects, from accruals of status and wealth to demarcations of bodies and geographies. Among other cases, New Materials traces the beneficent self-identity of Quaker asylum planners who devised soundless metal cell locks in the early 19th century, and the inculcation of national pride attending Taiwanese carbon-fiber bicycle parts in the 21st; the racialized labor organizations promoted by California orange breeders in the 1910s, and bureaucratized distributions of blame for deadly high-rise fires a century later. Across eras and global regions New Materials reflects circumstances not made clear when technological innovation is explained solely as a by-product of modernizing impulses or critiqued simply as a craving for profit. Whether establishing the efficacy of nano-scale pharmaceuticals or the tastiness of farmed catfish, proponents of new materials enact complex political ideologies. In highlighting their actors' conceptions of efficiency, certainty, safety, pleasure, pain, faith and identity, the authors reveal that to produce a "new material" is invariably to preserve other things, to sustain existing values and social structures"--
Assigning source Provided by publisher.
588 ## - SOURCE OF DESCRIPTION NOTE
Source of description note Description based on print version record.
655 #7 - INDEX TERM--GENRE/FORM
Genre/form data or focus term Electronic books.
Source of term local
700 1# - ADDED ENTRY--PERSONAL NAME
Personal name Wasiak, Patryk,
Relator term author.
700 1# - ADDED ENTRY--PERSONAL NAME
Personal name Torero, Jose L.,
Relator term author.
700 1# - ADDED ENTRY--PERSONAL NAME
Personal name Senaga, Karen,
Relator term author.
700 1# - ADDED ENTRY--PERSONAL NAME
Personal name Saraiva, Tiago,
Relator term author.
700 1# - ADDED ENTRY--PERSONAL NAME
Personal name Ruiz, Rafico,
Relator term author.
700 1# - ADDED ENTRY--PERSONAL NAME
Personal name Mukharji, Projit Bihari,
Relator term author.
700 1# - ADDED ENTRY--PERSONAL NAME
Personal name Ku, Sharon Tsia-hsuan,
Relator term author.
700 1# - ADDED ENTRY--PERSONAL NAME
Personal name Knowles, Scott Gabriel,
Relator term author.
700 1# - ADDED ENTRY--PERSONAL NAME
Personal name Slaton, Amy E.,
Relator term editor.
710 2# - ADDED ENTRY--CORPORATE NAME
Corporate name or jurisdiction name as entry element Project Muse.
Relator term distributor
830 #0 - SERIES ADDED ENTRY--UNIFORM TITLE
Uniform title Book collections on Project MUSE.
856 40 - ELECTRONIC LOCATION AND ACCESS
Public note Full text available:
Uniform Resource Identifier <a href="https://muse.jhu.edu/book/78801/">https://muse.jhu.edu/book/78801/</a>
Holdings
Withdrawn status Lost status Source of classification or shelving scheme Damaged status Not for loan Home library Current library Shelving location Date acquired Total Checkouts Date last seen Uniform Resource Identifier Price effective from Koha item type
          Digital Library Digital Library Online Access 27.01.2021   27.01.2021 https://muse.jhu.edu/book/78801/ 27.01.2021 eBook

OPENING HOURS

Weekdays: 0815hrs - 1800hrs
Weekends:0900hrs - 1200hrs

Closed for Mass:

Mon, Thur: 1200hrs - 1300hrs
Sunday & Public Holiday’s

CALL SUPPORT

0242-570570, 0242-570169
09200664, +263 8644140602

LOCATION

18443, Cranborne Avenue, Hatfield, Harare

Other Links


©2021 | CUZ Library